000 00715nam a2200217 a 4500
001 000039599
003 DO-SdBNP
005 20240229073823.0
008 130709s2006 dr ad 000 0 spa d
040 _aDO-SdBNP
_bspa
_cBNPHU
082 _a347
_bM533, 2005
110 1 _aRepública Dominicana
_bSuprema Corte de Justicia
_97906
245 1 0 _aMemoria anual 2005 /
_cpresentación Jorge A. Subero Isa.
260 _aSanto Domingo :
_bSuprema Corte de Justicia,
_c2006.
300 _a187 p. :
_bil., diagrs. ;
_c28 cm.
590 _aInventariado, 2021, / DG
650 4 _aPoder judicial
_zRepública Dominicana
_910058
700 1 _aSubero Isa, Jorge A.,
_d1947-
_epr.
_976863
910 _aD/G
942 _2ddc
_cLBS1
999 _c39089
_d39089